000
00348nam a2200169Ia 4500
100
_a
Morris/Mano M
650
_a
Digital Design
250
_a
4
942
_c
BK
366
_f
25
245
_a
Digital design
260
_b
Pearson Education
_c
2008
082
_a
621.3815
_b
MAN
300
_a
623
546
_a
ENGLISH
_c
PAMPHALETS
999
_c
19868
_d
19868